000 00198 a2200097 4500
001 1578
100 _aGill, E.T
245 _aModern welding technique
260 _a
_bPitman
_c
090 _c1117
_d1117
942 _aNUST-CAE
_cM
_c1303
999 _c236651
_d236651